000 00670nam a2200217 i 4500
001 27690
003 ES-MaACL
005 20230906153703.0
007 t|
008 030115s1971 sp af ||||1| spa d
080 _a655.1/.3(02)
100 1 _aAuge, R.
_923882
245 1 3 _aLa imprenta
_b: nociones técnicas de los procedimientos de impresión, normas tipográficas /
_cR. Auge ; [traducido por: M. Duque].
260 _aMadrid :
_bParaninfo,
_c1971.
300 _a159 p., 4 lám. :
_bil. ;
_c22 cm.
650 4 _aDiseño tipográfico.
_9147445
700 1 _aDuque, M.
_946149
852 _aES-MaACL
_jC-45090
942 _2udc
999 _c27690
_d27690